Solar activity and related interplanetary and terrestrial phenomena (Record no. 7721)

MARC details
000 -LEADER
fixed length control field 00765nam a2200193Ia 4500
003 - CONTROL NUMBER IDENTIFIER
control field IN-BaIIA
008 - FIXED-LENGTH DATA ELEMENTS--GENERAL INFORMATION
fixed length control field 211028s9999 xx 000 0 eng d
020 ## - INTERNATIONAL STANDARD BOOK NUMBER
International Standard Book Number 3-540-06314-5
040 ## - CATALOGING SOURCE
Transcribing agency IIA Library
080 ## - UNIVERSAL DECIMAL CLASSIFICATION NUMBER
Universal Decimal Classification number 523.98(082.2)
Item number XAM
111 ## - MAIN ENTRY--MEETING NAME
Meeting name or jurisdiction name as entry element European Astronomical Meeting
Number of part/section/meeting 1st
Location of meeting Athens
Date of meeting or treaty signing 1972 Sept. 4-9
9 (RLIN) 13047
245 #0 - TITLE STATEMENT
Title Solar activity and related interplanetary and terrestrial phenomena
Remainder of title vol. 1, proceedings of the First European Astronomical Meeting Athens, September 4-9, 1972
Statement of responsibility, etc. edited by J. Xanthakis
260 ## - PUBLICATION, DISTRIBUTION, ETC.
Place of publication, distribution, etc. Berlin
Name of publisher, distributor, etc. Springer-Verlag
Date of publication, distribution, etc. 1973
300 ## - PHYSICAL DESCRIPTION
Extent xv,195p.
500 ## - GENERAL NOTE
General note Donated by Mrs. Bappu
650 ## - SUBJECT ADDED ENTRY--TOPICAL TERM
Topical term or geographic name entry element Astronomy and Astrophysics Thesaurus
700 ## - ADDED ENTRY--PERSONAL NAME
Personal name Xanthakis, J. ed
9 (RLIN) 7868
942 ## - ADDED ENTRY ELEMENTS (KOHA)
Koha item type Books
Holdings
Withdrawn status Lost status Damaged status Not for loan Home library Current library Shelving location Date acquired Total Checkouts Full call number Barcode Date last seen Price effective from Koha item type
        IIA Library-Bangalore IIA Library-Bangalore General Stacks 26/07/1983   523.98(082.2)/ XAM 8536 05/11/2021 26/07/1983 Books

Powered by Koha